| 000 | 00710nam a22002297a 4500 | ||
|---|---|---|---|
| 003 | OSt | ||
| 005 | 20250714065256.0 | ||
| 008 | 250714b |||||||| |||| 00| 0 eng d | ||
| 020 | _a 0137785496 | ||
| 040 |
_aDWCL - Main lib _cOC |
||
| 082 | _aCirc. 658.87 P659r 1987 | ||
| 100 | _aPintel, Gerald | ||
| 245 |
_aRetailing/ _cGerald Pintel |
||
| 250 | _aFourth edition. | ||
| 260 |
_aEnglewood Cliffs, New Jersey : _bPrentice-Hall, _cc1987. |
||
| 300 |
_avi, 488 pages : _billustrations ; _c24 cm. |
||
| 504 | _aIncludes index. | ||
| 650 | _a1. Retail trade--Management. | ||
| 650 | _a2. Retail trade--Vocational guidance. | ||
| 700 | _aJay Diamond | ||
| 942 |
_2ddc _cBK-CIRC _eFourth edition. _kCirc. _n0 |
||
| 999 |
_c3655 _d3655 |
||